| 000 | 004310000a22001810004500 | ||
|---|---|---|---|
| 003 | MACL | ||
| 005 | 20160120122832.0 | ||
| 008 | 160120b xxu||||| |||| 00| 0 eng d | ||
| 040 |
_aMACL _cMACL |
||
| 041 | _aEnglish | ||
| 082 | _a160/AGR | ||
| 100 |
_aAgrawal, Chandresh _933546 |
||
| 245 | _aBusiness Judgement | ||
| 260 |
_bAgrawal Gold Series _aIndore |
||
| 350 | _a50 | ||
| 650 |
_aLogic _921842 |
||
| 942 |
_cBK _k160/Agr _2ddc |
||
| 999 |
_c32704 _d32704 |
||